UBT Library

Archive-library relations / (Record no. 40461)

000 -LEADER
fixed length control field 00584pam a2200229 i 4500
001 - CONTROL NUMBER
control field 3179427
005 - DATE AND TIME OF LATEST TRANSACTION
control field 20180118051331.0
008 - FIXED-LENGTH DATA ELEMENTS--GENERAL INFORMATION
fixed length control field 760602s1976 nyu b 001 0 eng
010 ## - LIBRARY OF CONGRESS CONTROL NUMBER
LC control number 76018806
020 ## - INTERNATIONAL STANDARD BOOK NUMBER
International Standard Book Number 0835207706
040 ## - CATALOGING SOURCE
Original cataloging agency DLC
Transcribing agency DLC
Modifying agency DLC
041 ## - LANGUAGE CODE
Language code of text/sound track or separate title eng
043 ## - GEOGRAPHIC AREA CODE
Geographic area code n-us---
080 ## - UNIVERSAL DECIMAL CLASSIFICATION NUMBER
Universal Decimal Classification number 021.00973 CLA
082 00 - DEWEY DECIMAL CLASSIFICATION NUMBER
Classification number 021.00973 CLA
100 ## - Rafti
Rafti 0
101 ## - Shkurtesa
Shkurtesa LIB
245 00 - TITLE STATEMENT
Title Archive-library relations /
Statement of responsibility, etc edited by Robert L. Clark, Jr.
504 ## - BIBLIOGRAPHY, ETC. NOTE
Bibliography, etc Bibliography: p. 201-212.
906 ## - LOCAL DATA ELEMENT F, LDF (RLIN)
a 7
b cbc
c orignew
d 1
e ocip
f 19
g y-gencatlg
942 ## - ADDED ENTRY ELEMENTS (KOHA)
Source of classification or shelving scheme
Item type Books
Holdings
Withdrawn status Lost status Source of classification or shelving scheme Damaged status Not for loan Collection code Permanent location Current location Shelving location Date acquired Total Checkouts Full call number Barcode Date last seen Price effective from Koha item type
          Koleksioni i përgjithshem UBT - Lipjan UBT - Lipjan Koleksioni i përgjithshem 01/18/2018   021.00973 CLA 002-2995762 01/18/2018 01/18/2018 Books
UBT Library © 2015-2024. All rights reserved University Education for Business and Technology